000 00572nam a22002177a 4500
003 OSt
005 20140310183033.0
008 130219t xxu||||| |||| 00| 0 eng d
020 _a9712344231
050 _aQA39.2
_b.B467 2006
082 _aFIL 511
_bB43 2006
245 _aBasic mathematics for college students
_cBenigno, Gloria D.
260 _aManila
_bRex Book Store
_cc2006
300 _a228 p.
_b ill.
_c25.2 cm.
521 _acollege students
526 _c1210L-1700L
541 _j1
541 _j2
562 _e2
942 _2lcc
_cBK
_kFIL
999 _c18465
_d18465